OPAC Home

නිහඬේ හඬ (Record no. 139044)

MARC details
000 -LEADER
fixed length control field 00466nam a2200193Ia 4500
003 - CONTROL NUMBER IDENTIFIER
control field LK-CoDNM
005 - DATE AND TIME OF LATEST TRANSACTION
control field 20241129121208.0
008 - FIXED-LENGTH DATA ELEMENTS--GENERAL INFORMATION
fixed length control field 010623t xxu||||| |||| 00| 1 sin d
040 ## - CATALOGING SOURCE
Original cataloging agency LK-CoDNM
Modifying agency LK-CoDNM
Description conventions LK-CoDNM
041 ## - LANGUAGE CODE
Language code of text/sound track or separate title Sinhala; Sinhalese
080 ## - UNIVERSAL DECIMAL CLASSIFICATION NUMBER
Universal Decimal Classification number 294.321
Item number KAW
942 ## - ADDED ENTRY ELEMENTS (KOHA)
Koha item type Books
100 ## - MAIN ENTRY--PERSONAL NAME
Personal name Kawiratna,Harischandra.
245 ## - TITLE STATEMENT
Title නිහඬේ හඬ
246 ## - VARYING FORM OF TITLE
Title proper/short title Nihade Hada
260 ## - PUBLICATION, DISTRIBUTION, ETC. (IMPRINT)
Name of publisher, distributor, etc. Swabhasha
Place of publication, distribution, etc. Colombo
300 ## - PHYSICAL DESCRIPTION
Other physical details 88p. ; 18 cm
650 ## - SUBJECT ADDED ENTRY--TOPICAL TERM
Topical term or geographic name as entry element Buddhism
Holdings
Withdrawn status Lost status Damaged status Not for loan Collection code Permanent Location Current Location Shelving location Date acquired Full call number Barcode Koha item type
    Damaged   Old Books Collection Library National Museum Colombo - Sri Lanka Library National Museum Colombo - Sri Lanka Reference 2024-11-28 294.321 KAW OB9246 Books
Copyright © 2023 Department of National Museum, Colombo 07, Sri Lanka Funded by UNESCO IFAP UNESCO